| 000 | 01001nam0a22002531i 4500 | ||
|---|---|---|---|
| 001 | rc\4711076 | ||
| 005 | 20240726050728.0 | ||
| 021 |
_aRU _b[68-1497] |
||
| 035 | _a(NLR Aleph) 008724073 | ||
| 090 |
_a9436017 _c9436017 |
||
| 100 | _a20130416d1967 |||y0rusy50 ca | ||
| 101 | 0 | _arus | |
| 102 | _aRU | ||
| 105 | _ay d ||||| | ||
| 200 | 1 |
_aК учению о кольцевидной гранулеме _e[Клинич. и эксперим. исследования] _e760 - кожные и венерич. болезни _eАвтореферат дис. на соискание учен. степени д-ра мед. наук _fСвердл. гос. мед. ин-т |
|
| 210 |
_aСвердловск _d1967 |
||
| 215 | _a30 с. | ||
| 320 | _aСписок работ авт.: с. 28-29 (14 назв.) | ||
| 606 |
_aГранулема _xКольцевидная _2psbo |
||
| 700 | 1 |
_aСяно _bВ.И. |
|
| 801 | 0 |
_aRU _bNLR _gpsbo |
|
| 801 | 1 |
_aRU _bELAR _2rusmarc |
|
| 852 |
_aNLR _j68-4/4633 |
||
| 942 | _cBOOK | ||